Phương pháp tổ chức công tác Đội Thiếu niên Tiền phong Hồ Chí Minh : Tài liệu đào tạo giáo viên tiểu học (Trình độ Cao đẳng và Đại học Sư phạm)

Nội dung sách nhằm trang bị cho sinh viên các trường trung học và cao đẳng sư phạm những kiến thức cơ bản của người Phụ trách công tác Đội trong nhà trường tiểu học. Nội dung bao gồm: Phương pháp công tác Đội Thiếu niên Tiền phong Hồ Chí M...

Volledige beschrijving

Bewaard in:
Bibliografische gegevens
Hoofdauteur: Nguyễn, Minh Quang
Formaat: Boek
Taal:Undetermined
Gepubliceerd in: Hà Nội Giáo dục 2006
Onderwerpen:
Tags: Voeg label toe
Geen labels, Wees de eerste die dit record labelt!
Thư viện lưu trữ: Trung tâm Học liệu Trường Đại học Cần Thơ
LEADER 01225nam a2200205Ia 4500
001 CTU_121513
008 210402s9999 xx 000 0 und d
082 |a 324.2597075 
082 |b Qu106 
100 |a Nguyễn, Minh Quang 
245 0 |a Phương pháp tổ chức công tác Đội Thiếu niên Tiền phong Hồ Chí Minh : 
245 0 |b Tài liệu đào tạo giáo viên tiểu học (Trình độ Cao đẳng và Đại học Sư phạm) 
245 0 |c Nguyễn Minh Quang (chủ biên), Trương Ngọc Thời, Ngô Tấn Tạo 
260 |a Hà Nội 
260 |b Giáo dục 
260 |c 2006 
520 |a Nội dung sách nhằm trang bị cho sinh viên các trường trung học và cao đẳng sư phạm những kiến thức cơ bản của người Phụ trách công tác Đội trong nhà trường tiểu học. Nội dung bao gồm: Phương pháp công tác Đội Thiếu niên Tiền phong Hồ Chí Minh và Những kỹ năng cơ bản của công tác Đội 
650 |a Socialism and youth 
904 |i Hiếu 
980 |a Trung tâm Học liệu Trường Đại học Cần Thơ